000
00525nam a2200133Ia 4500
008
100328s9999 xx 000 0 und d
082
_b
73115
100
_a
परांजपे अरविंद
245
_a
धनवृद्धीसाठी म्युच्युअल फंड.
260
_b
सकाळ.
630
_a
धनवृद्धीसाठी म्युच्युअल फंड.
730
_a
धनवृद्धीसाठी म्युच्युअल फंड.
942
_c
BOOK
999
_c
558836
_d
558833